Elektronický obchod spoločnosti Natur-Net s.r.o. diplomová práca

Saved in:
Bibliographic Details
Main Author: Jakubis, Ivan
Corporate Author: Obchodná fakulta EU. Katedra marketingu
Other Authors: Rubaninská, Kamila
Format: Book
Language:Slovak
Published: Bratislava 2011
Tags: Add Tag
No Tags, Be the first to tag this record!

MARC

LEADER 00000nbm a2200000 4500
001 0142979
005 20161109102006.8
041 0 |a slo 
044 |a SK 
245 1 0 |a Elektronický obchod spoločnosti Natur-Net s.r.o.  |b diplomová práca  |c Ivan Jakubis ; školiteľ: Kamila Rubaninská 
264 1 |a Bratislava  |c 2011 
300 |a 86 s. 
100 1 |a Jakubis, Ivan 
700 1 |a Rubaninská, Kamila 
710 2 |a Obchodná fakulta EU. Katedra marketingu